[Event "GER Pfingstopen U16"]
[Site "Playchess.com INT"]
[Date "2020.06.05"]
[Round "8"]
[White "Kauschanski, Nicolas"]
[Black "Walter, Kiron Alexander"]
[Result "1-0"]
[WhiteElo "1476"]
[BlackElo "1620"]
[PlyCount "39"]
[EventDate "2020.06.05"]
[EventType "swiss (blitz)"]
[EventRounds "11"]
[EventCountry "GER"]
[SourceTitle "CBM 197 Extra"]
[Source "ChessBase"]
[SourceDate "2020.09.30"]
[SourceVersion "1"]
[SourceVersionDate "2020.09.30"]
[SourceQuality "1"]

1. d4 c6 2. Bf4 d5 3. Nf3 Bf5 4. e3 e6 5. c4 b6 6. Bd3 Bg4 7. cxd5 cxd5 8. h3 Bxf3 9. Qxf3 Bd6 10. Nd2 Bxf4 11. Qxf4 Nd7 12. Qg4 Qf6 13. Nf3 Ne7 14. 0-0 0-0 15. Ng5 g6 16. Qh4 h5 17. Nf3 Qf5 18. Bxf5 Nxf5 19. Qg5 f6 20. Qxg6+ 1-0

[Event "GER Pfingstopen U16"]
[Site "Playchess.com INT"]
[Date "2020.06.05"]
[Round "3"]
[White "Walter, Kiron Alexander"]
[Black "Stepanjan, Marianne"]
[Result "1/2-1/2"]
[WhiteElo "1620"]
[BlackElo "1407"]
[PlyCount "98"]
[EventDate "2020.06.05"]
[EventType "swiss (blitz)"]
[EventRounds "11"]
[EventCountry "GER"]
[SourceTitle "CBM 197 Extra"]
[Source "ChessBase"]
[SourceDate "2020.09.30"]
[SourceVersion "1"]
[SourceVersionDate "2020.09.30"]
[SourceQuality "1"]

1. e4 c5 2. Nf3 d6 3. Nc3 Nf6 4. d4 cxd4 5. Nxd4 e6 6. Bc4 Be7 7. Bf4 a6 8. Qd2 e5 9. Bxe5 dxe5 10. Nf3 Qxd2+ 11. Nxd2 Nc6 12. 0-0-0 b5 13. Be2 Bb7 14. f3 Nd4 15. Kb1 0-0 16. Rdg1 Nxe2 17. Nxe2 Rfd8 18. Nb3 Rac8 19. g4 Rd7 20. h4 Rdc7 21. c3 h6 22. g5 hxg5 23. hxg5 Nd7 24. f4 exf4 25. Nxf4 Bd6 26. Nd3 Bxe4 27. Rh4 Bxd3+ 28. Ka1 Bg6 29. Rgh1 Kf8 30. Re1 f6 31. gxf6 gxf6 32. Rh8+ Kf7 33. Rh6 Bf4 34. Rh4 Bg5 35. Rh2 Ne5 36. Rg2 Re7 37. Nd4 Nd3 38. Rxe7+ Kxe7 39. Re2+ Kf7 40. b4 Rh8 41. Rb2 Nxb2 42. Kxb2 Rh2+ 43. Nc2 Rxc2+ 44. Ka3 Bd2 45. Kb3 Rxc3+ 46. Kb2 Rc2+ 47. Ka3 Rc1 48. Kb3 Bc2+ 49. Ka3 Rb1 1/2-1/2

[Event "GER Pfingstopen U16"]
[Site "Playchess.com INT"]
[Date "2020.06.05"]
[Round "5"]
[White "Zhou, Leyi Charlotte"]
[Black "Walter, Kiron Alexander"]
[Result "1-0"]
[WhiteElo "1222"]
[BlackElo "1620"]
[PlyCount "55"]
[EventDate "2020.06.05"]
[EventType "swiss (blitz)"]
[EventRounds "11"]
[EventCountry "GER"]
[SourceTitle "CBM 197 Extra"]
[Source "ChessBase"]
[SourceDate "2020.09.30"]
[SourceVersion "1"]
[SourceVersionDate "2020.09.30"]
[SourceQuality "1"]

1. e4 c6 2. Nf3 d5 3. exd5 cxd5 4. d4 Nf6 5. Bb5+ Bd7 6. Bxd7+ Nbxd7 7. Nc3 e6 8. Bf4 Bb4 9. 0-0 Nb6 10. Re1 Bd6 11. Bxd6 Qxd6 12. Qd2 0-0-0 13. Nb5 Qd7 14. Qc3+ Kb8 15. Rad1 Qxb5 16. Ne5 g5 17. Nxf7 h5 18. Qf3 g4 19. Qxf6 Qxb2 20. Nxd8 Rxd8 21. Qxd8+ Nc8 22. Rxe6 Qxc2 23. Rde1 Qd2 24. Re8 Qc2 25. Qxd5 g3 26. Qe5+ Ka8 27. Qxg3 Qxa2 28. Rxc8# 1-0